00381nam a22001457a 450000500170000000800410001702000150005804100120007308200130008510000130009824500280011126000460013930000240018565000260020920240822095340.0240822b |||||||| |||| 00| 0 eng d a0409034746 aEnglish a349 LAW  lEnglish  aThe Lawyer's Pocketbook aDurban: bThe Lawyer's Pocketbook, c1999 b349 pages;c25 cm.  aLegal practice bLaw